[Event "Dhaka Zia Memorial"]
[Site "Dhaka"]
[Date "2025.07.08"]
[Round "5"]
[White "Mohammad, Javed"]
[Black "Silwal, Purushottam"]
[Result "1-0"]
[WhiteElo "2129"]
[BlackElo "2078"]
[PlyCount "59"]
[EventDate "2025.07.05"]
[EventType "swiss"]
[EventRounds "9"]
[EventCountry "BAN"]
[SourceTitle "CB29_2025"]
[SourceDate "2025.07.16"]
[SourceVersion "1"]
[SourceVersionDate "2025.07.16"]
[SourceQuality "1"]

1. d4 Nf6 2. c4 g6 3. Nc3 d5 4. Nf3 Bg7 5. Qb3 dxc4 6. Qxc4 0-0 7. e4 a6 8. e5 b5 9. Qb3 Nfd7 10. e6 fxe6 11. Qxe6+ Kh8 12. Qe4 Nb6 13. Qh4 Nc6 14. Be3 e5 15. Ng5 h6 16. d5 Ne7 17. Bc5 Rf4 18. Qxf4 hxg5 19. Qxg5 Bf8 20. h4 Qe8 21. h5 Kg8 22. hxg6 Nd7 23. Rh8+ Kxh8 24. Qh5+ Kg7 25. Qh7+ Kf6 26. Bxe7+ Qxe7 27. Ne4+ Kf5 28. g7+ Kf4 29. g3+ Kf3 30. Qf5# 1-0

[Event "BAN-chB 48th"]
[Site "Dhaka"]
[Date "2024.06.13"]
[Round "7"]
[White "Mohammad, Javed"]
[Black "Chowdhury, Sohel"]
[Result "0-1"]
[WhiteElo "2148"]
[BlackElo "2037"]
[PlyCount "76"]
[EventDate "2024.06.07"]
[EventType "swiss"]
[EventRounds "9"]
[EventCountry "BAN"]
[SourceTitle "EXT 2025"]
[Source "ChessBase"]
[SourceDate "2024.10.14"]
[SourceVersion "1"]
[SourceVersionDate "2024.10.14"]
[SourceQuality "1"]

1. d4 Nf6 2. c4 c6 3. Nc3 d5 4. Nf3 e6 5. g3 dxc4 6. Bg2 Nbd7 7. 0-0 Bb4 8. Qc2 0-0 9. e4 h6 10. Rd1 Qe7 11. a4 e5 12. dxe5 Nxe5 13. Nxe5 Qxe5 14. Na2 Bc5 15. Qxc4 Ng4 16. Rf1 Qh5 17. h3 Ne5 18. Qc3 Nd7 19. b4 Be7 20. f4 Bf6 21. e5 Nxe5 22. fxe5 Bxe5 23. Qc5 b6 24. Qxc6 Bxh3 25. Be3 Bxa1 26. Rxa1 Qe5 27. Re1 Qxg3 28. Bf2 Qxg2+ 29. Qxg2 Bxg2 30. Kxg2 Rac8 31. a5 Rc2 32. Nc1 bxa5 33. bxa5 Rd8 34. Nb3 Rd5 35. Re8+ Kh7 36. Kf1 Rf5 37. Re2 Rxe2 38. Kxe2 Rb5 0-1

[Event "BAN-chB 48th"]
[Site "Dhaka"]
[Date "2024.06.10"]
[Round "4"]
[White "Mohammad, Javed"]
[Black "Muhimenul, Islam"]
[Result "1-0"]
[WhiteElo "2148"]
[BlackElo "2013"]
[PlyCount "69"]
[EventDate "2024.06.07"]
[EventType "swiss"]
[EventRounds "9"]
[EventCountry "BAN"]
[SourceTitle "EXT 2025"]
[Source "ChessBase"]
[SourceDate "2024.10.14"]
[SourceVersion "1"]
[SourceVersionDate "2024.10.14"]
[SourceQuality "1"]

1. d4 Nf6 2. c4 e6 3. Nc3 Bb4 4. e3 d5 5. cxd5 exd5 6. Bd3 0-0 7. Nge2 c6 8. 0-0 Re8 9. Qc2 Nbd7 10. a3 Be7 11. Ng3 Nf8 12. b4 Bd6 13. f3 Qc7 14. Qf2 h5 15. Re1 Be6 16. e4 dxe4 17. Ncxe4 Nxe4 18. fxe4 Bxg3 19. hxg3 Rad8 20. Bb2 Qd7 21. Rac1 Bg4 22. Bc4 Ng6 23. Rc2 Re7 24. d5 cxd5 25. Bxd5 Qe8 26. Qd4 Ne5 27. Rf1 Kh8 28. Qxa7 f5 29. Qb6 fxe4 30. Bxe4 Re6 31. Qxb7 Rb8 32. Qa7 Rd8 33. Rc7 Nd7 34. Rxd7 Rxd7 35. Qxd7 1-0

[Event "BAN-chB 48th"]
[Site "Dhaka"]
[Date "2024.06.08"]
[Round "2"]
[White "Mehdi, Hasan Parag"]
[Black "Mohammad, Javed"]
[Result "1-0"]
[WhiteElo "2072"]
[BlackElo "2148"]
[PlyCount "59"]
[EventDate "2024.06.07"]
[EventType "swiss"]
[EventRounds "9"]
[EventCountry "BAN"]
[SourceTitle "EXT 2025"]
[Source "ChessBase"]
[SourceDate "2024.10.14"]
[SourceVersion "1"]
[SourceVersionDate "2024.10.14"]
[SourceQuality "1"]

1. e4 e5 2. Nf3 Nc6 3. Bb5 a6 4. Ba4 d6 5. 0-0 Bd7 6. c3 g6 7. d4 Bg7 8. h3 Nf6 9. Bc2 0-0 10. a4 Re8 11. Re1 h6 12. Nbd2 Nh5 13. Nc4 exd4 14. cxd4 d5 15. Nce5 Nxe5 16. dxe5 dxe4 17. Bxe4 Qc8 18. Ra3 Bxe5 19. Bxg6 fxg6 20. Nxe5 Re6 21. Nxg6 Rxg6 22. Qxh5 Be8 23. Qh4 Qf5 24. Rg3 h5 25. Bf4 Bf7 26. Re5 Qb1+ 27. Kh2 Rxg3 28. Bxg3 Re8 29. Rg5+ Kh7 30. Rxh5+ 1-0

[Event "Dhaka Metropolis op U2100"]
[Site "Dhaka"]
[Date "2022.10.22"]
[Round "6"]
[White "Mohammad, Javed"]
[Black "Bhuiyan, Golam Mostafa"]
[Result "1-0"]
[WhiteElo "2056"]
[BlackElo "1949"]
[PlyCount "49"]
[EventDate "2022.10.17"]
[EventType "swiss"]
[EventRounds "9"]
[EventCountry "BAN"]
[SourceTitle "EXT 2024"]
[Source "ChessBase"]
[SourceDate "2023.10.10"]
[SourceVersion "1"]
[SourceVersionDate "2023.10.10"]
[SourceQuality "1"]

1. d4 d5 2. Nf3 Nf6 3. c4 c6 4. Nc3 e6 5. g3 Be7 6. Bg2 0-0 7. 0-0 b6 8. Ne5 Bb7 9. e4 Nbd7 10. Nxc6 Bxc6 11. exd5 exd5 12. cxd5 Nxd5 13. Nxd5 Rc8 14. Nxe7+ Qxe7 15. Re1 Qd8 16. d5 Bb7 17. Qd4 h6 18. Bf4 Nc5 19. Rad1 Qd7 20. b4 Na4 21. d6 Bxg2 22. Kxg2 Nc3 23. Rd3 Nb5 24. Re7 Qd8 25. Qe5 1-0

[Event "Dhaka Marcel op"]
[Site "Dhaka"]
[Date "2022.04.26"]
[Round "8"]
[White "Abdul, Momin"]
[Black "Mohammad, Javed"]
[Result "1-0"]
[WhiteElo "1916"]
[BlackElo "2070"]
[PlyCount "115"]
[EventDate "2022.04.19"]
[EventType "swiss"]
[EventRounds "9"]
[EventCountry "BAN"]
[SourceTitle "EXT 2023"]
[Source "ChessBase"]
[SourceDate "2022.10.05"]
[SourceVersion "1"]
[SourceVersionDate "2022.10.05"]
[SourceQuality "1"]

1. e4 c5 2. Nf3 Nc6 3. d4 cxd4 4. Nxd4 Nf6 5. Nc3 e5 6. Ndb5 d6 7. Bg5 a6 8. Na3 b5 9. Nd5 Be7 10. Nxe7 Nxe7 11. Bxf6 gxf6 12. Qd2 Bb7 13. f3 f5 14. exf5 Nxf5 15. 0-0-0 Rc8 16. Bd3 Nd4 17. h4 Rg8 18. Kb1 Qf6 19. c3 Ne6 20. Bxh7 Rh8 21. Be4 d5 22. h5 Rd8 23. Bd3 e4 24. Bc2 exf3 25. gxf3 d4 26. cxd4 Rxd4 27. Qe1 b4 28. Rxd4 Qxd4 29. Rh4 Qc5 30. Rxb4 Qc7 31. Rc4 Qe7 32. Rh4 Bxf3 33. h6 Nc5 34. Qxe7+ Kxe7 35. Nc4 Bd5 36. Ne3 Be6 37. b4 Nb7 38. h7 Nd6 39. Bd3 Kf6 40. Kb2 Kg5 41. Rh1 f5 42. Bxa6 f4 43. Rg1+ Kh6 44. Rd1 Nf7 45. Rh1+ Kg5 46. Rg1+ Kh4 47. Rg6 Ng5 48. Ng2+ Kg4 49. Be2+ f3 50. Bxf3+ Kxf3 51. Rxg5 Rxh7 52. Re5 Bc4 53. Ne1+ Kf4 54. Rc5 Be2 55. a4 Ke4 56. Rc3 Rb7 57. Rb3 Rg7 58. b5 1-0

[Event "Dhaka Walton op"]
[Site "Dhaka"]
[Date "2022.04.05"]
[Round "2"]
[White "Mohammad, Din"]
[Black "Mohammad, Javed"]
[Result "0-1"]
[WhiteElo "1793"]
[BlackElo "2070"]
[PlyCount "28"]
[EventDate "2022.04.04"]
[EventType "swiss"]
[EventRounds "9"]
[EventCountry "BAN"]
[SourceTitle "CBM 207 Extra"]
[Source "ChessBase"]
[SourceDate "2022.05.31"]
[SourceVersion "1"]
[SourceVersionDate "2022.05.31"]
[SourceQuality "1"]

1. d4 Nf6 2. c4 e6 3. Nf3 d5 4. Nc3 Bb4 5. cxd5 exd5 6. Bg5 0-0 7. e3 h6 8. Bh4 Bf5 9. Nd2 g5 10. Bg3 c5 11. dxc5 d4 12. exd4 Qxd4 13. Be2 Nd5 14. Nxd5 Qxd5 0-1

[Event "Dhaka Al Mahmud Memorial"]
[Site "Dhaka"]
[Date "2022.02.10"]
[Round "6"]
[White "Mohammad, Javed"]
[Black "Jodunath, Biswas"]
[Result "1-0"]
[WhiteElo "2046"]
[BlackElo "1845"]
[PlyCount "115"]
[EventDate "2022.02.05"]
[EventType "swiss"]
[EventRounds "9"]
[EventCountry "BAN"]
[SourceTitle "CBM 206 Extra"]
[Source "ChessBase"]
[SourceDate "2022.03.31"]
[SourceVersion "1"]
[SourceVersionDate "2022.03.31"]
[SourceQuality "1"]

1. e4 c5 2. Nf3 d6 3. d4 cxd4 4. Nxd4 Nf6 5. Nc3 a6 6. h3 b5 7. g4 Bb7 8. Bg2 h6 9. Be3 e6 10. a3 Nbd7 11. Nb3 Rc8 12. 0-0 Qc7 13. f4 Be7 14. g5 hxg5 15. fxg5 Nh5 16. g6 f6 17. Qg4 Ne5 18. Qxe6 Qd7 19. Qxd7+ Kxd7 20. Rad1 Ke8 21. Rf2 Ba8 22. Nd5 Bxd5 23. exd5 Nxg6 24. Nd4 Ne5 25. Nc6 g5 26. b3 Rg8 27. Be4 Ng3 28. Bg2 Nh5 29. Rc1 g4 30. h4 Nf3+ 31. Bxf3 gxf3+ 32. Kh2 Rg4 33. Rxf3 Rxh4+ 34. Rh3 Rxh3+ 35. Kxh3 Kf7 36. Kg4 Ng7 37. Bh6 Rg8 38. Re1 f5+ 39. Kf4 Bh4 40. Re3 Kg6 41. Bxg7 Bg5+ 42. Kf3 Bxe3 43. Bc3 Re8 44. Bb4 Bb6 45. Bxd6 Re3+ 46. Kf4 Re4+ 47. Kf3 Re3+ 48. Kf4 Re4+ 49. Kf3 Re1 50. c4 bxc4 51. bxc4 Rf1+ 52. Ke2 Rf2+ 53. Kd1 Be3 54. Bb4 Kf7 55. Ne5+ Ke8 56. d6 Bg5 57. d7+ Kd8 58. Ba5+ 1-0

[Event "Dhaka Al Mahmud Memorial"]
[Site "Dhaka"]
[Date "2022.02.07"]
[Round "3"]
[White "Kazi Zarin, Tasnim"]
[Black "Mohammad, Javed"]
[Result "0-1"]
[WhiteElo "1801"]
[BlackElo "2046"]
[PlyCount "78"]
[EventDate "2022.02.05"]
[EventType "swiss"]
[EventRounds "9"]
[EventCountry "BAN"]
[SourceTitle "EXT 2023"]
[Source "ChessBase"]
[SourceDate "2022.10.05"]
[SourceVersion "1"]
[SourceVersionDate "2022.10.05"]
[SourceQuality "1"]

1. e4 c5 2. Nf3 Nc6 3. d4 cxd4 4. Nxd4 Nf6 5. Nc3 d6 6. Bg5 e6 7. Qd2 a6 8. 0-0-0 Bd7 9. Kb1 b5 10. f3 Be7 11. Bxf6 gxf6 12. f4 Qb6 13. f5 b4 14. fxe6 fxe6 15. Nce2 0-0-0 16. Nf4 Nxd4 17. Qxd4 Kb7 18. Qxb6+ Kxb6 19. Bc4 d5 20. Bxd5 e5 21. Ne6 Rdg8 22. Nc5 Bg4 23. Bxg8 Bxd1 24. Na4+ Kb5 25. Bc4+ Kxc4 26. Rxd1 Kb5 27. Rd7 Kxa4 28. Rxe7 Rg8 29. b3+ Kb5 30. Rxh7 Rxg2 31. Rh6 Rf2 32. h4 Kc5 33. Rg6 Kd4 34. h5 Kxe4 35. h6 Kd5 36. Rg8 Rh2 37. Ra8 e4 38. Kc1 e3 39. Rxa6 Rh1+ 0-1

[Event "BAN-chB 46th"]
[Site "Dhaka"]
[Date "2021.12.20"]
[Round "6"]
[White "Mohammad, Javed"]
[Black "Rana Pratap, Singha"]
[Result "1-0"]
[WhiteElo "2038"]
[BlackElo "1900"]
[PlyCount "101"]
[EventDate "2021.12.15"]
[EventType "swiss"]
[EventRounds "9"]
[EventCountry "BAN"]
[SourceTitle "CBM 206 Extra"]
[Source "ChessBase"]
[SourceDate "2022.03.31"]
[SourceVersion "1"]
[SourceVersionDate "2022.03.31"]
[SourceQuality "1"]

1. d4 g6 2. e4 d6 3. Nc3 Bg7 4. Be3 Nf6 5. f3 c6 6. Qd2 b5 7. h4 h5 8. Bd3 Qa5 9. e5 b4 10. exf6 bxc3 11. fxg7 cxd2+ 12. Bxd2 Qxd2+ 13. Kxd2 Rg8 14. Ne2 Ba6 15. g4 Bxd3 16. Kxd3 hxg4 17. h5 gxh5 18. fxg4 Nd7 19. gxh5 Rxg7 20. Rag1 Kf8 21. Ng3 Nb6 22. h6 Rh7 23. Nf5 Rb8 24. c4 d5 25. c5 e6 26. Nd6 Nc8 27. Nxc8 Rxc8 28. b4 Ke7 29. Rg7 Rch8 30. Rxh7 Rxh7 31. a4 a6 32. Kc3 Kd7 33. Kd3 f6 34. Rh5 Ke7 35. Ke3 Kf7 36. Kf4 Kg8 37. Rh2 Rb7 38. Rg2+ Kh8 39. Rg6 Rxb4 40. Rxf6 Rxd4+ 41. Kg5 Re4 42. Rf8+ Kh7 43. Rf7+ Kh8 44. Rc7 d4 45. Rxc6 e5 46. Rc8+ Kh7 47. Rc7+ Kg8 48. Rd7 d3 49. Rxd3 Rc4 50. Rd5 e4 51. Kg6 1-0

[Event "BAN-chB 46th"]
[Site "Dhaka"]
[Date "2021.12.19"]
[Round "5"]
[White "Subrota, Biswas"]
[Black "Mohammad, Javed"]
[Result "1-0"]
[WhiteElo "2199"]
[BlackElo "2038"]
[PlyCount "56"]
[EventDate "2021.12.15"]
[EventType "swiss"]
[EventRounds "9"]
[EventCountry "BAN"]
[SourceTitle "CBM 206 Extra"]
[Source "ChessBase"]
[SourceDate "2022.03.31"]
[SourceVersion "1"]
[SourceVersionDate "2022.03.31"]
[SourceQuality "1"]

1. d4 d5 2. c4 e6 3. Nf3 Nf6 4. g3 Bb4+ 5. Nbd2 dxc4 6. Bg2 0-0 7. Qc2 c5 8. dxc5 c3 9. bxc3 Bxc5 10. 0-0 Nc6 11. Nb3 Be7 12. Bf4 Bd7 13. Nbd4 Rc8 14. Rab1 Qa5 15. Rxb7 Nd8 16. Rb2 Rxc3 17. Qb1 Rc4 18. e3 Rb4 19. Ne5 Ba4 20. Rc1 Nd5 21. Rxb4 Qxb4 22. Qxb4 Nxb4 23. Rc7 Re8 24. Rxa7 Bd1 25. Ra8 f6 26. Nec6 Kf7 27. Nxe7 Kxe7 28. Ra7+ Kf8 1-0

[Event "BAN-chB 46th"]
[Site "Dhaka"]
[Date "2021.12.17"]
[Round "3"]
[White "Mohammad, Javed"]
[Black "Ahmed, Walijah"]
[Result "1-0"]
[WhiteElo "2038"]
[BlackElo "1919"]
[PlyCount "87"]
[EventDate "2021.12.15"]
[EventType "swiss"]
[EventRounds "9"]
[EventCountry "BAN"]
[SourceTitle "CBM 206 Extra"]
[Source "ChessBase"]
[SourceDate "2022.03.31"]
[SourceVersion "1"]
[SourceVersionDate "2022.03.31"]
[SourceQuality "1"]

1. e4 c5 2. Nf3 e6 3. d4 cxd4 4. Nxd4 Nc6 5. Nc3 Qc7 6. Be3 a6 7. Qf3 Ne5 8. Qg3 Bd6 9. f4 Ng6 10. e5 Bb4 11. Bd3 Bxc3+ 12. bxc3 Qxc3+ 13. Kf2 N8e7 14. h4 h5 15. Rab1 b5 16. Rb3 Qc7 17. Rc1 0-0 18. c4 Bb7 19. cxb5 Qa5 20. Rb2 Qa3 21. Rb3 Qxa2+ 22. Rc2 Qa5 23. b6 Rac8 24. Re2 Rc5 25. Bd2 Qa1 26. Nc2 Qh1 27. Bb4 Rfc8 28. Bxc5 Rxc5 29. Re1 Qxh4 30. Qxh4 Nxh4 31. Ne3 Ra5 32. Rc1 Nc6 33. Kg3 Nf5+ 34. Bxf5 exf5 35. Nxf5 Ra2 36. Rcb1 Na5 37. R1b2 Ra4 38. Rc3 Nc4 39. Rxc4 Rxc4 40. Nd6 Rc3+ 41. Kh2 a5 42. Nxb7 a4 43. Nd6 a3 44. b7 1-0

[Event "Dhaka Sheikh Russel op"]
[Site "Dhaka"]
[Date "2021.10.27"]
[Round "9"]
[White "Mohammad, Javed"]
[Black "Ahmed, Walijah"]
[Result "1-0"]
[WhiteElo "2066"]
[BlackElo "1983"]
[PlyCount "95"]
[EventDate "2021.10.19"]
[EventType "swiss"]
[EventRounds "9"]
[EventCountry "BAN"]
[SourceTitle "EXT 2023"]
[Source "ChessBase"]
[SourceDate "2022.10.05"]
[SourceVersion "1"]
[SourceVersionDate "2022.10.05"]
[SourceQuality "1"]

1. d4 d5 2. c4 c6 3. Nf3 Nf6 4. Nc3 e6 5. e3 Nbd7 6. Bd3 Bd6 7. 0-0 0-0 8. e4 dxc4 9. Bxc4 e5 10. Bg5 Qc7 11. h3 b5 12. Bd3 h6 13. Bxf6 Nxf6 14. Rc1 a6 15. Nd5 Nxd5 16. exd5 exd4 17. Rxc6 Qd7 18. Nxd4 Bb7 19. Nf5 Bxc6 20. dxc6 Qe6 21. Nxd6 Rad8 22. Nf5 g6 23. Nxh6+ Kg7 24. c7 Rc8 25. Ng4 Rxc7 26. Re1 Qd6 27. Qd2 Rc5 28. b4 Rd5 29. Qc3+ Rd4 30. a3 f6 31. Bc2 Rc4 32. Qe3 Rh8 33. Bb3 Rc7 34. Qe6 Qxe6 35. Rxe6 Rc3 36. Re7+ Kf8 37. Rf7+ Ke8 38. Nxf6+ Kd8 39. Be6 Rc7 40. Nd7 Rc6 41. Nc5 Rh5 42. Rd7+ Kc8 43. Rg7+ Kb8 44. Rxg6 a5 45. f4 Rhxc5 46. bxc5 b4 47. axb4 axb4 48. Bf7 1-0